000 00880nam a2200253 i 4500
001 bg
245 1 0 _aProjektowanie technologii maszyn :
_bpraca zbiorowa /
_cpod red. Jerzego Z. Sobolewskiego ; Stefan Kapiński [et al.].
250 _aWyd. 2 popr. i uzup.
260 _aWarszawa :
_bOficyna Wydawnicza Politechniki Warszawskiej,
_c2007.
300 _a479 s. :
_bil. ;
_c24 cm +
_e2 CD ROM.
504 _aBibliogr. przy rozdz.
650 9 _aMaszyny
_xtechnologia
_xprojekty
655 _aPodręczniki akademickie
700 1 _aSobolewski, Stefan.
_eRed.
700 1 _aKapiński, Stefan.
020 _a9788372076908
040 _cBPK
041 0 _apol
044 _aPOL
080 _a621.01:621.7/.9](075.8)
942 _cKS
008 s pl f |000 0 pol
999 _c54549
_d54549
856 _uhttp://koha.tu.koszalin.pl/cgi-bin/koha/opac-detail.pl?biblionumber=54549
_yKatalog online BPK